000 01389pam a2200337 a 4500
005 20260322212004.0
008 data
010 _a 2004010600
020 _a0826332579 (cloth : alk. paper)
020 _a9780826332578 (cloth : alk. paper)
040 _aDLC
_cDLC
_dDLC
_dUKM
_dDLC
043 _an-us-nm
050 0 0 _aF797
_b.N54 2004
082 0 0 _a978.9
_222
092 _a978.9 N54 2004
100 1 _aNiemeyer, Lucian.
245 1 0 _aNew Mexico :
_bimages of a land and its people /
_cLucian Niemeyer & Art Gómez.
260 _aAlbuquerque :
_bUniversity of New Mexico Press,
_cc2004.
300 _axii, 155 p. :
_bcol. ill., col. maps ;
_c24 x 32 cm.
504 _aIncludes bibliographical references (p. 154-155).
650 0 _aLandscapes
_zNew Mexico
_vPictorial works.
651 0 _aNew Mexico
_vPictorial works.
651 0 _aNew Mexico
_xSocial life and customs
_vPictorial works.
651 0 _aNew Mexico
_xDescription and travel.
700 1 _aGómez, Art,
_d1946-
906 _a7
_bcbc
_corignew
_d1
_eecip
_f20
_gy-gencatlg
925 0 _aacquire
_b2 shelf copies
_xpolicy default
955 _dlk29 2004-05-12 subj, to SL
_elh36 2004-05-14 to Dewey
001 data
999 _c56
_d56